Devine le pays à partir d'une photo - Statistiques

Statistiques générales
  • Ce quiz a été pris 121 fois
    17 depuis la dernière actualisation
  • Le résultat moyen est 39 sur 138
Statistiques - réponses
Par images Réponse % Correct
Acropole, Athènes, Grèce
83%
Big Ben, Londres, Royaume-Uni
75%
Armée de terre cuite, Xi'An, Chine
67%
Basilique Saint Pierre, Rome, Italie
58%
Basilique Saint Marc, Venise, Italie
50%
Central Park, New York, Etats-Unis
50%
Christ Redempteur, Rio de Janeiro, Brésil
50%
Cité Interdite, Pékin, Chine
50%
Colisée, Rome, Italie
50%
Disneyland, Paris, France
50%
Golden Gate, San Francisco, Etats-Unis
50%
La Kaaba, La Mecque, Arabie Saoudite
50%
Mont Fuji, Japon
50%
Musée du Louvre, Paris, France
50%
Pyramide de Gizeh, Egypte
50%
Sanctuaire Meiji, Tokyo, Japon
50%
Santorin, Grèce
50%
Sphinx, Gizeh, Egypte
50%
Statue de la liberté, New York, Etats-Unis
50%
Taj Mahal, Agra, Inde
50%
Temple Sensoji, Tokyo, Japon
50%
Tour Eiffel, Paris, France
50%
Zocalo, Mexico, Mexique
50%
Alhambra, Grenade, Espagne
42%
Cathédrale Sainte Basile, Moscou, Russie
42%
Château d'Osaka, Japon
42%
Chichen Itza, Mexique
42%
Chutte du Niagara, Canada
42%
Empire State Building, New York, Etats-Unis
42%
Fontaine de Trevi, Rome, Italie
42%
Grande Muraille, Chine
42%
Hollywood Walk Of Fame, Los Angeles, Etats-Unis
42%
Las Vegas Strip, Etats-Unis
42%
Maison Blanche, Washington DC, Etats-Unis
42%
Mont Rushmore, Etats-Unis
42%
Mont Saint Michel, France
42%
Moulin Rouge, Paris, France
42%
Notre Dame de Paris, France
42%
Opéra de Sydney, Australie
42%
Sacré Cœur, Paris, France
42%
Sagrada Familia, Barcelone, Espagne
42%
Tempe Kiyomizu-dera Dera, Kyoto, Japon
42%
Times Square, New York, Etats-Unis
42%
Tokyo Tower, Japon
42%
Angkor Vat, Cambodge
33%
Antelope Canyon, Arizona, Etats-Unis
33%
Burj Al Arab, Dubaï, Emirats Arabes Unis
33%
Chateau de Chambord, France
33%
Chrysler Building, New York, Etats-Unis
33%
Cité de Petra, Jordanie
33%
Duomo, Florence, Italie
33%
Favela, Rio de Janeiro, Brésil
33%
Grand Bazar, Istanbul, Turquie
33%
Guggenheim Museum, New York, Etats-Unis
33%
Kilimandjaro, Tanzanie
33%
Le colosse de Rhodes, Grèce
33%
Machu Picchu, Perou
33%
Maison de Kulusuk, Groenland, Danemark
33%
Maracana, Rio, Brésil
33%
Marina Bay, Singapour
33%
Mosquée bleu, Istanbul, Turquie
33%
Panthéon, Rome, Italie
33%
Parc Guell, Barcelone, Espagne
33%
Parc National de Banff, Canada
33%
Place Tiananmen, Pékin, Chine
33%
Pont du Rialto, Venise, Italie
33%
Stonehenge, Royaume-Uni
33%
The Gherkin, Londres, Royaume-Uni
33%
Tour de Pise, Italie
33%
Vieux La Havane, Cuba
33%
Anse Source d'Argent, Seychelles
25%
Burj Khalifa, Dubaï, Emirats Arabes Unis
25%
Casino de MonteCarlo, Monaco
25%
Castel Sant'Angelo, Rome, Italie
25%
Chateau de Neuschwanstein, Allemagne
25%
Grand Palais, Bangkok, Thailande
25%
Kremlin, Moscou, Russie
25%
Le Phare d'Alexandrie, Egypte
25%
Palais de Versailles, France
25%
Palm Jumeirah, Dubaï, Emirats Arabes Unis
25%
Parc National Yellowstone, Etats-Unis
25%
Porte de Brandebourg, Berlin, Allemagne
25%
Quartier Rouge, Amsterdam, Pays-Bas
25%
Reserve du Masai Mara, Kenya
25%
Space Needle, Seattle, Etats-Unis
25%
Statue de Zeus, Athènes, Grèce
25%
Temple de Karnak, Egypte
25%
British Museum, Londres, Royaume-Uni
17%
Buckingham Palace, Londres, Royaume-Uni
17%
Cathédrale de Berlin, Allemagne
17%
Cathédrale Orthodoxe de la Sainte Trinité, Paris, France
17%
Chateau de Prague, République Tchèque
17%
Chateau de Stirling, Ecosse, Royaume-uni
17%
Cinq Terre, Italie
17%
Golden Temple, Armitsar, Inde
17%
Île de Paque, Chili
17%
La Casa Mila, Barcelone, Espagne
17%
Le Mausolée d'Halicarnasse, Turquie
17%
Mémorial du Mur de Berlin, Allemagne
17%
Musée d'Orsay, Paris, France
17%
Palais de Schönbrunn, Vienne, Autriche
17%
Ruines de Tulum, Mexique
17%
Temple Borobudur, Java, Indonésie
17%
Temple du Ciel, Pékin, Chine
17%
Temple du pilier de la cité, Bangkok, Thaïlande
17%
Tour CN, Toronto, Canada
17%
Tour de Canton, Guangzhou, Chine
17%
Tour Petronas, Kuala Lumpur, Malaisie
17%
Trafalgar Square, Londres, Royaume-Uni
17%
Uluru Ayers Rock, Australie
17%
Cathédrale Saint Alexandre-Nevski, Sofia, Bulgarie
8%
Chateau de Bran, Roumanie
8%
Eglise de Reykjavik, Islande
8%
Fort de Lahore, Pakistan
8%
Galaxy Soho, Pékin, Chine
8%
Jardin Majorelle, Maroc
8%
Jardins Suspendus de Babylone, Irak
8%
Le temple d'Artémis, Turquie
8%
Musée du Prado, Madrid, Espagne
8%
Musée Rivera Kahlo, Mexique
8%
Palais de Topkapi, Istanbul, Turquie
8%
Pont Charles, Prague, République Tchèque
8%
Royal Albert Hall, Londres, Royaume-Uni
8%
Temples de Bagan, Birmanie
8%
The Pearl Tower, Hong Kong, Chine
8%
Viking Valley, Norvège
8%
Cap de Bonne Esperance, Afrique du Sud
0%
Chalice Sculpture, Christchurch, Nouvelle Zelande
0%
Cimetière de la Recoleta, Buenos Aires, Argentine
0%
Eglise de Manille, Philippines
0%
Fjords des Lofoten, Norvège
0%
Flame Tower, Bakou, Azerbaidjan
0%
Minaret Al Azhar, Le Caire, Egypte
0%
Musée du Vatican, Vatican
0%
Opera de Francfort, Allemagne
0%
Palais de Pena, Sintra, Portugal
0%
Pogost de Kizhi, Russie
0%
Triomphe d'Astana, Kazakhstan
0%
Aucun quiz correspondant
Distribution des résultats
% des personnes avec chaque résultat
Percentile par nombre de réponses
Votre historique - résultats
Vous n’avez pas pris ce quiz depuis la dernière actualisation